| 000 | 00844nam a2200265 a 4500 | ||
|---|---|---|---|
| 001 | 000014051 | ||
| 005 | 20200929163443.0 | ||
| 008 | 091202s1992 sp 000 f spa d | ||
| 020 | _a8427015887 | ||
| 040 |
_aDO-SdBNP _bspa _cBNPHU |
||
| 041 | 1 | 7 |
_aspa _hfre _2Código de idioma MARC |
| 082 |
_a843.914 _bH552L |
||
| 100 | 1 |
_aHermary Vieille, Catherine, _d1948- _931834 |
|
| 240 | 1 | 0 |
_aUn amour fou. _lEspañol |
| 245 | 1 | 0 |
_aLoca de amor / _cCatherine Hermary-Vielle ; traducción de Manuel Serrat Crespo. |
| 260 |
_aBarcelona : _bMartínez Roca, _c1992. |
||
| 300 |
_a335, [1] p. ; _c24 cm. |
||
| 490 | 1 | _aNovela histórica | |
| 650 | 4 |
_aNovela histórica francesa _931835 |
|
| 650 | 4 |
_aLiteratura francesa _91074 |
|
| 700 | 1 |
_aSerrat Crespo, Manuel, _etr. _95324 |
|
| 830 | 0 |
_aNovela histórica _910544 |
|
| 910 | _aWM | ||
| 049 | _aBNGR | ||
| 999 |
_c13653 _d13653 |
||